| 000 | 00440nam a2200181Ia 4500 | ||
|---|---|---|---|
| 005 | 20250603144526.0 | ||
| 008 | 250603s9999 xx 000 0 und d | ||
| 020 | _a978-605-62918-0-7 | ||
| 050 | _aDS 63.18 .C48/ | ||
| 100 | _aÇetin, Altan | ||
| 245 | 0 | _aArap baharı ve Türkiye | |
| 260 | _aÇankırı | ||
| 260 | _bÇankırı Karatekin Üniversitesi | ||
| 260 | _c2012 | ||
| 300 | _a114 p | ||
| 650 | _aÇankırı | ||
| 942 | _cBK | ||
| 999 |
_c39185 _d39185 |
||